Central Library OPAC University of Rajshahi

David Hicks on living--with taste / (Record no. 77210)

MARC details
000 -LEADER
fixed length control field 00686nam a2200253 a 4500
001 - CONTROL NUMBER
control field 77210
003 - CONTROL NUMBER IDENTIFIER
rucl marc code BD-RjUL
005 - DATE AND TIME OF LATEST TRANSACTION
control field 20211209082938.0
008 - FIXED-LENGTH DATA ELEMENTS--GENERAL INFORMATION
fixed length control field 200303s1968 enka 000 0 eng
020 ## - INTERNATIONAL STANDARD BOOK NUMBER
International Standard Book Number 0090900901
035 ## - SYSTEM CONTROL NUMBER
System control number (BD-RjUL)77435
040 ## - CATALOGING SOURCE
Original cataloging agency DLC
Transcribing agency DLC
Modifying agency DLC
-- BD-RjUL
Language of cataloging eng
041 ## - LANGUAGE CODE
Language code of text/sound track or separate title eng
082 00 - DEWEY DECIMAL CLASSIFICATION NUMBER
Edition number 23
Classification number 747
Author mark and year HID 1968
100 1# - MAIN ENTRY--PERSONAL NAME
Personal name Hicks, David,
Dates associated with a name 1929-1998.
9 (RLIN) 240271
245 10 - TITLE STATEMENT
Title David Hicks on living--with taste /
Statement of responsibility, etc. David Hicks
260 ## - PUBLICATION, DISTRIBUTION, ETC. (IMPRINT)
Place of publication, distribution, etc. London :
Name of publisher, distributor, etc. Frewin,
Date of publication, distribution, etc. 1968.
300 ## - PHYSICAL DESCRIPTION
Pagination 150 p.:
Illustrations illus.;
Size 32 cm.
650 #0 - SUBJECT ADDED ENTRY--TOPICAL TERM
Topical term or geographic name as entry element Interior decoration.
9 (RLIN) 240272
942 ## - ADDED ENTRY ELEMENTS (KOHA)
Source of classification or shelving scheme Dewey Decimal Classification
Koha item type Books
Holdings
Lost status Source of classification or shelving scheme Damaged status Not for loan Collection code Permanent Location Current Location Shelving location Date acquired Source of acquisition Cost, normal purchase price Total Checkouts Full call number Date last seen Copy number Koha item type
  Dewey Decimal Classification   Not For Loan Non-fiction Central Library, University of Rajshahi Central Library, University of Rajshahi Reading Room 14/02/1974 Book Centre 115.50   747 HID 1968 03/03/2020 C-1 Books